100 ca khúc : Khát vọng tuổi trẻ

में बचाया:
ग्रंथसूची विवरण
स्वरूप: पुस्तक
भाषा:Undetermined
प्रकाशित: Hà Nội Nhà xuất bản Hà Nội 2003
विषय:
टैग : टैग जोड़ें
कोई टैग नहीं, इस रिकॉर्ड को टैग करने वाले पहले व्यक्ति बनें!
Thư viện lưu trữ: Trung tâm Học liệu Trường Đại học Cần Thơ
LEADER 00489nam a2200181Ia 4500
001 CTU_60406
008 210402s9999 xx 000 0 und d
020 |b 30000 
082 |a 782.42 
082 |b M458 
245 0 |a 100 ca khúc : 
245 0 |b Khát vọng tuổi trẻ 
260 |a Hà Nội 
260 |b Nhà xuất bản Hà Nội 
260 |c 2003 
650 |a Songs, vietnamese 
904 |i Minh, Năm 
980 |a Trung tâm Học liệu Trường Đại học Cần Thơ